| 000 | 00873nam a2200289Ia 4500 | ||
|---|---|---|---|
| 005 | 20250425160700.0 | ||
| 008 | 250425s9999 xx 000 0 und d | ||
| 020 | _a9586002691 | ||
| 041 | _aspa | ||
| 043 | _ack | ||
| 082 |
_a574.5 _pERI |
||
| 100 | _aErickson, Jon | ||
| 245 | 0 | _aLa extinción de las especies : evoluación, causas y efectos | |
| 250 | _aPrimera edición | ||
| 260 |
_aBogotá _bMcGraw Hill Interamericana _c1994 |
||
| 260 |
_z _bMCGRAW-HILL |
||
| 300 |
_a212 páginas _bilustraciones _c21 cm. |
||
| 500 | _aTítulo Traducido: DYING PLANET. THE EXTINCTION OF SPECIES | ||
| 504 | _aIncluye bibliografía e índice | ||
| 650 | _aevolución de las especies | ||
| 650 | _aGlaciaciones | ||
| 650 | _aOrigen de la vida | ||
| 700 |
_aESPAÑOL ECHANIZ, IGNACIO _etraductor |
||
| 902 |
_aMonográfico _cImpreso |
||
| 942 | _c01 | ||
| 010 | _a2185 | ||
| 999 |
_c194014 _d194014 |
||